000 00535nam a2200181Ia 4500
005 20250923144351.0
008 008 250917s9999 xx 000 0 eng d
037 _aTextual
040 _aDSWL
_beng
_cDSWL
041 _aeng
_2eng
084 _aYX,ZB, N41
_qDSWL
100 _aAptekar, H.H.
_9824171
245 0 _aBasic concepts in social casework
_cby H.H. Aptekar
260 _aChapel-
_bUniv of North Carolina Press
_c1941
300 _a201 p.
942 _cTEXL
_hYX,ZB, N41
999 _c1437979
_d1437979